000 00660nam a2200181Ia 4500
005 20250508153735.0
008 008 250505s9999 xx 000 0 eng d
037 _aBooks to be hide in OPAC
040 _aFEDL
_beng
_cFEDL
041 _aeng
_2eng
084 _a379.1173, NOR/O
_qFEDL
100 _aNorton John K
_9758750
245 0 _aInventory of public school expenditures in the United States : A report of the cooperative study of public school expenditures Vol.2
260 _aWashington, USA
_bAmerican Council on Education
_c1944
700 _a Lawler Eugene S
_9764323
942 _cHB
_h379.1173, NOR/O
999 _c1345129
_d1345129